| 000 | 00644nam a22001697a 4500 | ||
|---|---|---|---|
| 008 | 150618b xxu||||| |||| 00| 0 eng d | ||
| 020 | _a9781259008252 | ||
| 050 | _aPE 1001 .L897 te2sb 2014 | ||
| 100 | _aLoveday, Peter | ||
| 245 |
_aTakeaway english 2 _b: english for success : student book / _cPeter Loveday ; Melissa Koop ; Sally Trowbridge ; Lisa Varandani .-- |
||
| 260 |
_aNew York : _bMcGraw-Hill _cc2014 |
||
| 300 |
_a154 pages., _bcolor illustrations., ; _c27 cm. _eStudent book |
||
| 500 | _aIncludes audio track list. | ||
| 650 | _aLanguage | ||
| 700 | _aKoop, Melissa., Trowbridge, Sally., Varandani, Lisa. | ||
| 942 |
_2lcc _cBK |
||
| 999 |
_c288268 _d288268 |
||